[Event "VIE-ch U13"]
[Site "Ho Chi Minh City"]
[Date "2022.07.15"]
[Round "7"]
[White "Pham, Vinh Phu"]
[Black "Dam, Quoc Bao"]
[Result "1/2-1/2"]
[WhiteElo "2324"]
[BlackElo "2319"]
[PlyCount "44"]
[EventDate "2022.07.11"]
[EventType "swiss"]
[EventRounds "9"]
[EventCountry "VIE"]
[SourceTitle "EXT 2023"]
[Source "ChessBase"]
[SourceDate "2022.10.05"]
[SourceVersion "1"]
[SourceVersionDate "2022.10.05"]
[SourceQuality "1"]

1. e4 d6 2. d4 Nf6 3. Nc3 g6 4. Nf3 Bg7 5. Bc4 0-0 6. h3 c6 7. 0-0 Qc7 8. e5 dxe5 9. dxe5 Nfd7 10. e6 fxe6 11. Bxe6+ Kh8 12. Ng5 Ne5 13. Bb3 h6 14. Nge4 Bxh3 15. f4 Bg4 16. Qe1 Nf7 17. Be3 Nd7 18. Qh4 Bf5 19. g4 Bxe4 20. Nxe4 Bxb2 21. c3 Nf6 22. Bd4 Kh7 1/2-1/2

[Event "VIE-ch U13"]
[Site "Ho Chi Minh City"]
[Date "2022.07.14"]
[Round "6"]
[White "Nguyen, Nghia Gia An"]
[Black "Pham, Vinh Phu"]
[Result "1-0"]
[WhiteElo "2331"]
[BlackElo "2324"]
[PlyCount "39"]
[EventDate "2022.07.11"]
[EventType "swiss"]
[EventRounds "9"]
[EventCountry "VIE"]
[SourceTitle "EXT 2023"]
[Source "ChessBase"]
[SourceDate "2022.10.05"]
[SourceVersion "1"]
[SourceVersionDate "2022.10.05"]
[SourceQuality "1"]

1. e4 c5 2. c3 d5 3. exd5 Qxd5 4. d4 Nc6 5. Nf3 Bf5 6. Be3 e6 7. Qa4 0-0-0 8. Bc4 Qe4 9. Nbd2 Qg4 10. 0-0 Nge7 11. b4 cxb4 12. cxb4 a6 13. b5 axb5 14. Bxb5 Be4 15. h3 Qf5 16. Nxe4 Qxe4 17. Rab1 f6 18. Rfc1 g6 19. Bxc6 bxc6 20. Qa7 1-0